|
|
|
|
| LEADER |
00000nam a2200000 a 4500 |
| 001 |
1/127339 |
| 008 |
230926s2000####gr | ||| |||| ||gre|| |
| 040 |
|
|
|a GR-MyUa
|b gre
|c GR-MyUa
|e AACR2
|
| 041 |
0 |
|
|a gre
|
| 082 |
7 |
|
|a 664.362
|2 (23)
|
| 100 |
1 |
|
|a Λάσκαρης, Νικόλαος Γ.
|
| 245 |
1 |
0 |
|a Παλαιά ελαιοτριβεία, στην περιοχή των χωριών Κατσαρού και Πεύκου της Άνω Μεσσηνίας :
|h [ανάτυπο] /
|c Νικόλαος Γ. Λάσκαρης.
|
| 260 |
|
|
|a Αθήνα :
|b [χ.ό.],
|c 2000.
|
| 300 |
|
|
|a 20 σ. :
|b φωτ. ;
|c 24 εκ.
|
| 500 |
|
|
|a Ανάτυπο από το Δελτίον της Ελληνικής Λαογραφικής Εταιρείας, τόμ. ΛΘ' (39): 1998-2000.
|
| 504 |
|
|
|a Βιβλιογραφία : σ. 113-114.
|
| 650 |
|
0 |
|a Olive oil mills
|
| 650 |
|
0 |
|a Industrial buildings
|z Greece.
|
| 651 |
|
0 |
|a Messenia (Greece)
|x Antiquities.
|
| 651 |
|
0 |
|a Messenia (Greece)
|
| 852 |
|
|
|a INST
|b RHODES
|e 20230926
|h 664.362 ΛΑΣ
|p 005400043781
|q 005400043781
|t BK
|y 0
|
| 970 |
|
|
|z 26-09-2023
|